00322nam a2200133Ia 4500008004100000020001500041041001200056082001500068100001300083245004500096260002500141300000800166650001400174221030s9999 xx 000 0 und d a0070532826 aEnglish a105.23bFu aLimin Fu 0aNeural Networks in Computer Intelligence bTMHaNew Delhic2004 a460 aComputers